000 00601nam a2200205Ia 4500
005 20250508170000.0
008 008 250505s9999 xx 000 0 eng d
037 _aTextual
040 _aFEDL
_beng
_cFEDL
041 _aeng
_2eng
084 _a954.035, THA
_qFEDL
100 _aThapar Karan
_9749555
245 0 _aMore salt than pepper
260 _aNew Delhi, India
_bHarper Collins Publishers India Pvt. Ltd.
_c2009
300 _axiii, 255p.
365 _aINR
_b399
546 _aGifted by HOD. Namita Ranganathan
942 _cTEXL
_h954.035, THA
999 _c1398519
_d1398519